Religion as resource in digital games

Religion has long had a place in digital games, particularly in the fantasy role-playing game genre. Prominent games in this genre such as the Baldur’s Gate series, the Elder Scrolls games of Oblivion and Skyrim, and even sci-fi fantasy such as Star Wars: Knights of the Old Republic all address them...

Full description

Saved in:  
Bibliographic Details
Main Author: Thames, Ryan (Author)
Format: Electronic Article
Language:English
Check availability: HBZ Gateway
WorldCat: WorldCat
Interlibrary Loan:Interlibrary Loan for the Fachinformationsdienste (Specialized Information Services in Germany)
Published: 2014
In: Online - Heidelberg journal of religions on the internet
Year: 2014, Volume: 5, Pages: 183-196
Further subjects:B single-player
B Ethics
B Morality
B Video Games
B Religion
B Digital Games
B role-playing
Online Access: Volltext (kostenfrei)
Volltext (kostenfrei)

MARC

LEADER 00000caa a2200000 c 4500
001 1471265617
003 DE-627
005 20220601125041.0
007 cr uuu---uuuuu
008 140217s2014 xx |||||o 00| ||eng c
024 7 |a urn:nbn:de:bsz:16-rel-121650  |2 urn 
024 7 |a 10.11588/rel.2014.0.12165  |2 doi 
035 |a (DE-627)1471265617 
035 |a (DE-576)401265617 
035 |a (DE-599)BSZ401265617 
035 |a (OCoLC)1263336666 
040 |a DE-627  |b ger  |c DE-627  |e rakwb 
041 |a eng 
084 |a 0  |2 ssgn 
100 1 |0 (DE-588)1047571552  |0 (DE-627)778575314  |0 (DE-576)401285359  |4 aut  |a Thames, Ryan 
109 |a Thames, Ryan  |a Thames, Ryan Clark 
245 1 0 |a Religion as resource in digital games  |c Ryan Clark Thames 
264 1 |c 2014 
300 |a 14 
336 |a Text  |b txt  |2 rdacontent 
337 |a Computermedien  |b c  |2 rdamedia 
338 |a Online-Ressource  |b cr  |2 rdacarrier 
520 |a Religion has long had a place in digital games, particularly in the fantasy role-playing game genre. Prominent games in this genre such as the Baldur’s Gate series, the Elder Scrolls games of Oblivion and Skyrim, and even sci-fi fantasy such as Star Wars: Knights of the Old Republic all address themes of religion through the presence of deities, cults, and/or strict codes of morality. This paper explores the role of religion in these games in relation to the player character, in terms of both narrative involvement and of the game system itself. I argue that, while all these games portray religion as a moving force of change in their respective worlds, the player character’s contact with religion is structured such that it becomes primarily a resource—a tool to be used on the path to accumulating power. I then examine some alternative possibilities suggested by these games’ designs. 
601 |a Religion 
650 4 |a Digital Games 
650 4 |a Ethics 
650 4 |a Morality 
650 4 |a Religion 
650 4 |a role-playing 
650 4 |a single-player 
650 4 |a Video Games 
773 0 8 |i In  |t Online - Heidelberg journal of religions on the internet  |d Heidelberg : Heidelberg University Publishing, 2005  |g 5(2014), Seite 183-196  |h Online-Ressource  |w (DE-627)501416501  |w (DE-600)2206213-0  |w (DE-576)281289085  |x 1861-5813  |7 nnas 
773 1 8 |g volume:5  |g year:2014  |g pages:183-196  |g extent:14 
856 4 0 |u http://nbn-resolving.de/urn:nbn:de:bsz:16-rel-121650  |x Verlag  |x Resolving-System  |z kostenfrei  |3 Volltext  |7 0 
856 4 0 |u http://dx.doi.org/10.11588/rel.2014.0.12165  |x Verlag  |x Resolving-System  |z kostenfrei  |3 Volltext  |7 0 
935 |a mteo 
951 |a AR 
ELC |a 1 
LOK |0 000 xxxxxcx a22 zn 4500 
LOK |0 001 2958984397 
LOK |0 003 DE-627 
LOK |0 004 1471265617 
LOK |0 005 20170314135700 
LOK |0 008 170314||||||||||||||||ger||||||| 
LOK |0 035   |a (DE-Tue135)IxTheo#2020-03-05#05BC60DE17FED8C2E1A1396BD7B9AF1B51D9CD3B 
LOK |0 040   |a DE-Tue135  |c DE-627  |d DE-Tue135 
LOK |0 092   |o n 
LOK |0 852   |a DE-Tue135 
LOK |0 852 1  |9 00 
LOK |0 935   |a ixzs  |a ixzo  |a zota 
LOK |0 939   |a 14-03-17  |b l01 
OAS |a 1 
ORI |a SA-MARC-ixtheoa001.raw 
REL |a 1 
STA 0 0 |a Religion,Religion in literature,Religions,Religion 
STB 0 0 |a Religion,Religions,Religion 
STC 0 0 |a Religión,Religión,Religión 
STD 0 0 |a Religione,Religione,Religione 
STE 0 0 |a 宗教,宗教 
STF 0 0 |a 宗教,宗教 
STG 0 0 |a Religião,Religião 
STH 0 0 |a Религия,Религия (мотив) 
STI 0 0 |a Θρησκεία,Θρησκεία (μοτίβο) 
SUB |a REL 
SYE 0 0 |a The Ethics , Religion,Mystik,Mythologie